000 00791nam a2200265Ia 4500
003 OSt
005 20220928131400.0
006 a|||||r|||| 00| 0
007 ta
008 220927b |||||||| |||| 00| 0 eng d
020 _cINR 899.00
024 _a133314
037 _b0254, 01/03/2017, Bookwell Publications
_cTextual
040 _aSDCL
_cSDCL
_beng
041 _2eng
_aeng
082 _aX:8DC, Q0
100 _aPenman Stephen H.
_9477897
245 0 _aFinancial statement analysis and security valuation
250 _a4th
260 _aNew Delhi
_bMcGraw Hill Education
_c2016
300 _axxiv,754p.
_ccm.
650 _aReference
942 _hX:8DC, Q0
_cTEXL
_2CC
999 _c790385
_d790385